| Tag |
First Indicator |
Second Indicator |
Subfields |
| LEADER |
00000cam a2200000 a 4500 |
| 001 |
in00000084118 |
| 005 |
20151008055656.0 |
| 008 |
750514s1871 enk b 00110 engmd |
| 035 |
|
|
|a (OCoLC)01331870
|
| 035 |
|
|
|9 AAJ4083AM
|
| 040 |
|
|
|a MDY
|c MDY
|d m.c.
|d OCL
|d TXA
|d UtOrBLW
|
| 049 |
|
|
|a TXAM
|v 4 [1442676]
|
| 090 |
|
|
|a B1304
|b .M8 1871a
|
| 100 |
1 |
|
|a Berkeley, George,
|d 1685-1753.
|
| 245 |
1 |
4 |
|a The works of George Berkeley / :
|b including many of his writings hitherto unpublished : with prefaces, annotations, his life and letters, and an account of his philosophy /
|c by Alexander Campbell Fraser.
|
| 264 |
|
1 |
|a Oxford :
|b Clarendon,
|c 1871.
|
| 300 |
|
|
|a 4 volumes ;
|c 23 cm.
|
| 336 |
|
|
|a text
|b txt
|2 rdacontent
|
| 337 |
|
|
|a unmediated
|b n
|2 rdamedia
|
| 338 |
|
|
|a volume
|b nc
|2 rdacarrier
|
| 500 |
|
|
|a Volume 4 also has separate title page: Life and letters of George Berkeley; and an account of his philosophy. With many writings of Bishop Berkeley hitherto unpublished: metaphysical, descriptive, theological. By Alexander Campbell Fraser.
|
| 504 |
|
|
|a Includes bibliographical references and index.
|
| 505 |
0 |
|
|a v.1-2. Philosophical works.--v.3. Miscellaneous works. Index, v.1-3.--v.4. Life and letters.
|
| 600 |
1 |
0 |
|a Berkeley, George,
|d 1685-1753.
|
| 700 |
1 |
|
|a Fraser, Alexander Campbell,
|d 1819-1914.
|
| 999 |
|
|
|a MARS
|
| 999 |
f |
f |
|s ccc0e330-e925-3f3b-be9d-3621712dda31
|i 57433dca-82e5-31b3-8bc8-0949b448a359
|t 0
|
| 952 |
f |
f |
|p ric
|a Texas A&M University
|b Rellis Campus
|c Joint Library Facility
|d Remote Storage
|t 0
|e B1304 .M8 1871a
|h Library of Congress classification
|i unmediated -- volume
|m A14806080217
|
| 998 |
f |
f |
|a B1304 .M8 1871a
|s v4
|t 0
|l Remote Storage
|